| 000 | 00380nam a2200133Ia 4500 | ||
|---|---|---|---|
| 008 | 230917s9999||||xx |||||||||||||| ||und|| | ||
| 040 |
_e90578 _aMAIN |
||
| 041 | _aEnglish | ||
| 082 | _a616.01 G919D | ||
| 100 | _aGrover, Mala | ||
| 245 | 0 | _aDevelopment and evaluation of biotyping method of salmonella typhi and its correlation with phage typing | |
| 300 | _a82 p. | ||
| 942 | _cTH | ||
| 999 |
_c73996 _d73996 |
||